College Quizbowl Stats
College Quizbowl Stats
Circuits
Seasons
Sets
Records
Detailed Stats
About
Loading...
2023 Penn Bowl @ Waterloo
Tossups
Bonuses
Players
Teams
Categories (Tossup)
Categories (Bonus)
Prabhjot Chopra
Waterloo Hatsune
Categories
Category
Powers
Gets
Negs
BBs
Points
Earliest Buzz
Avg. Buzz
First Buzzes
Top 3 Buzzes
BPA
PVF
Literature - European
0
1
0
1
10
122
122.00
0
1
0.00
0.00
Fine Arts - Auditory
0
0
0
0
0
0.00
0
0
0.00
0.00
Religion
0
0
0
0
0
0.00
0
0
0.00
0.00
Pop Culture
0
0
1
0
-5
0.00
0
0
0.00
0.00
Buzzes
Category
Answer
Value
Buzz Position
Religion
Salafi
0
114
Pop Culture
Arsenal F.C.
-5
115
Literature - European
Euripides
10
122
Fine Arts - Auditory
Arthur
0
131
Previous
1
Next